| 000 | 00674nam a2200253 a 4500 | ||
|---|---|---|---|
| 001 | 14314 | ||
| 003 | BD-JhCC | ||
| 005 | 20250303100811.0 | ||
| 008 | 250302b19632018e a|||| ||a| 001 0 eng d | ||
| 020 | _a9780241339329 | ||
| 035 | _a(BD-JhCC)14314 | ||
| 040 |
_aBD-JhCC _dBD-JhCC |
||
| 041 | _aenglish | ||
| 082 |
_a808.83 _bKAP 2018 |
||
| 100 | _a Kapuściński,Ryszard | ||
| 245 |
_aAn Advertisement for Toothpaste / _cRyszard Kapuściński. |
||
| 260 |
_aNew York: _bPenguin Books; _c2018. |
||
| 300 |
_a64 p. : _c16 cm. |
||
| 490 | _aPenguin Modern: 16 | ||
| 500 | _aPenguin Modern: 16 | ||
| 650 | _aEnglish Short stories | ||
| 942 |
_2ddc _cBK |
||
| 999 |
_c14314 _d14314 |
||